10 Most Populous Cities in Rhode Island - Statistics

General Stats
  • This quiz has been taken 26 times
  • The average score is 6 of 10
Answer Stats
Population City % Correct
190,807 Providence
100%
83,047 Warwick
89%
24,585 Newport
84%
46,850 East Providence
68%
75,267 Pawtucket
68%
43,127 Woonsocket
63%
82,572 Cranston
58%
22,541 Central Falls
42%
12,088 Valley Falls
0%
18,334 Westery
0%
No matching quizzes found
Score Distribution
Percent of People with Each Score
Percentile by Number Answered
Your Score History
You have not taken this quiz